000 00516nam a2200145Ia 4500
008 260210s9999 xx 000 0 und d
024 _a18B-011-CS, 18B-013-CS, 18B-043-CS, 18B-058-CS & 18B-127-CS
082 _a004.6072 MOI
100 _aAbdul Moiz, Asma Hai, sarim Ali Khan, Syed Yusra Zaidi & Syed Zohair Hasan Hashmi
110 _aMr. Furqan Hussain Essani
245 0 _aIndoor Virual Ordering
260 _aKarachi:
_bUITU,
_c2018
600 _aComputer Science
650 _aBachelor of Engineering (BE)
999 _c32493
_d32493